Anime nach Bildern 2 - Statistiken

Allgemein
  • Dieses Quiz wurde 497 mal gespielt
  • Das Durchschnittsergebnis liegt bei 12 aus 16
Antwortstatistiken
Bildquiz Antwort % Korrekt
Death Note
97%
One Punch Man
97%
Demon Slayer
96%
Attack on Titan
92%
Dr. Stone
88%
Sword Art Online
87%
JoJo’s Bizarre Adventure
81%
Cyberpunk: Edgerunners
79%
Tokyo Revengers
75%
Code Geass – Hangyaku no Lelouch
69%
Kaiju No. 8
68%
Mashle: Magic And Muscles
68%
Wind Breaker
65%
Mein Nachbar Totoro
64%
Food Wars! Shokugeki no Soma
63%
Suzume
53%
Keine übereinstimmenden Quizze gefunden
Verteilung der Resultate
Anzahl Personen mit jedem Resultat
Perzentil nach korrekt beantworteten Fragen
Ihre Resultats-Entwicklung
Sie haben dieses Quiz noch nicht gespielt